00242pam a2200097 a 4500020000500000041000500005082001300010245006400023260004000087300001700127 c h a708bGUP aClick Contemporary Photography in india hTextual Documents a[s.l]:bVadhera Art Gallery,c2008. a216:bpaper.